| 000 | 00420nam a2200157Ia 4500 | ||
|---|---|---|---|
| 005 | 20260408091332.0 | ||
| 008 | 251127s9999 xx 000 0 und d | ||
| 020 | _a007561278X (hardcover) | | ||
| 082 |
_a658.56 _bCHA-P |
||
| 100 | _aChase, Richard B. | ||
| 245 | 0 | _aProduction and Operations Management : | |
| 250 | _a8th ed. | ||
| 260 |
_a[S.l.] : _bRichard D Irwin, |
||
| 650 | _aManagement Sciences | ||
| 942 | _cBK | ||
| 999 |
_c3100 _d3100 |
||